Famous People with Coronavirus - Statistics

General Stats
  • This quiz has been taken 48 times
    29 since last reset
  • The average score is 4 of 15
Answer Stats
Hint Celebrity % Correct
Cast Away, Forrest Gump, Toy Story ( healed ) Tom Hanks
93%
Prime Minister of the UK Boris Johnson
81%
Crown Prince of England Prince Charles
59%
Wife of the Above ( healed ) Rita Wilson
41%
Wife of Canada's Prime Minister Sophie Gregoire Trudeau
41%
Prince of Monaco Albert II
30%
NBA Star ( Utah ) Rudy Gobert
19%
Cats, No Good Deed, Thor Idris Elba
15%
NBA Star ( Utah ) Donovan Mitchell
7%
NBA Star ( Brooklyn ) Kevin Durant
7%
Bon Jovi member David Bryan
4%
Wife of Spain's Prime Minister Maria Begona Gomez Fernandez
4%
Producer of Camila Cabello and Ozzy Osbourne Andrew Watt
0%
NBA Star ( Michigan ) Christian Wood
0%
Former Bond Girl Olga Kurylenko
0%
No matching quizzes found
Score Distribution
Percent of People with Each Score
Percentile by Number Answered
Your Score History
You have not taken this quiz since the last reset